Management of Protected Areas – The Challenge for Environmental Protection in the 21st Century
Teoretické východiská manažmentu chránených oblastí. Koncepty ochrany prírody. Popis systému Natura 2000.
Na minha lista:
| Autor principal: | |
|---|---|
| Outros Autores: | |
| Formato: | Capítulo de Livro |
| Idioma: | inglês |
| Assuntos: | |
| Tags: |
Sem tags, seja o primeiro a adicionar uma tag!
|
MARC
| LEADER | 00000nla a2200000 4500 | ||
|---|---|---|---|
| 001 | 0231008 | ||
| 005 | 20240417075119.7 | ||
| 041 | 0 | |a eng | |
| 044 | |a SK | ||
| 245 | 1 | 0 | |a Management of Protected Areas – The Challenge for Environmental Protection in the 21st Century |c Ján Sarvaš, Jozef Terek |
| 520 | |a Teoretické východiská manažmentu chránených oblastí. Koncepty ochrany prírody. Popis systému Natura 2000. | ||
| 610 | 2 | 0 | |a manažment environmentálny |
| 610 | 2 | 0 | |a príroda |
| 610 | 2 | 0 | |a územia chránené |
| 610 | 2 | 0 | |a Slovensko |
| 610 | 2 | 0 | |a biológia |
| 100 | 1 | |a Sarvaš, Ján, 1979- | |
| 700 | 1 | |a Terek, Jozef | |